Zpeněžování konkurzní podstaty - přímý prodej

Konkurzná podstata a jej speňažovanie. Možné spôsoby speňažovania konkurznej podstaty. Priamy predaj. Predaj podniku jednou zmluvou. Predaj podniku alebo jeho časti v praxi. Nájom podniku. Ilustračné príklady.

Gespeichert in:
Bibliographische Detailangaben
1. Verfasser: Hálek, Vítězslav
Format: Buchkapitel
Sprache:Englisch
Schlagworte:
Tags: Tag hinzufügen
Keine Tags, Fügen Sie das erste Tag hinzu!

MARC

LEADER 00000naa$a2200000$$$4500
001 0045834
005 20231107071429.4
041 0 |a eng 
044 |a CZ 
245 1 0 |a Zpeněžování konkurzní podstaty - přímý prodej  |c Vítězslav Hálek 
520 |a Konkurzná podstata a jej speňažovanie. Možné spôsoby speňažovania konkurznej podstaty. Priamy predaj. Predaj podniku jednou zmluvou. Predaj podniku alebo jeho časti v praxi. Nájom podniku. Ilustračné príklady. 
610 2 0 |a konkurzy 
610 2 0 |a hodnota podniku 
610 2 0 |a predaj priamy 
610 2 0 |a súpisy 
610 2 0 |a majetok 
610 2 0 |a správcovia podstaty konkurznej 
610 2 0 |a úpadok podniku 
610 2 0 |a konanie konkurzné 
100 1 |a Hálek, Vítězslav